Rolling Stone's 200 Best Songs Of The 80's - Statistics

General Stats
  • This quiz has been taken 252 times
  • The average score is 58 of 200
Answer Stats
Hint Answer % Correct
Like A Prayer Madonna
99%
Billie Jean Michael Jackson
99%
Welcome To The Jungle Guns N Roses
93%
Nasty Janet Jackson
93%
Girls Just Wanna Have Fun Cyndi Lauper
92%
Take On Me a-ha
90%
Faith George Michael
90%
Under Pressure Queen & David Bowie
88%
Africa Toto
88%
Hungry Like The Wolf Duran Duran
87%
What's Love Got To Do With It Tina Turner
87%
Running Up That Hill (A Deal With God) Kate Bush
84%
Master Of Puppets Metallica
84%
We Didn't Start The Fire Billy Joel
83%
Kiss Prince
83%
How Will I Know? Whitney Houston
83%
Total Eclipse Of The Heart Bonnie Tyler
82%
Ashes To Ashes David Bowie
81%
Call Me Blondie
80%
I Love Rock & Roll Joan Jett
80%
Sexual Healing Marvin Gaye
80%
Karma Chameleon Culture Club
78%
Smooth Operator Sade
78%
White Wedding Billy Idol
76%
Pour Some Sugar On Me Def Leppard
75%
Straight Outta Compton N.W.A
75%
Hell's Bells AC/DC
73%
If I Could Turn Back Time Cher
72%
99 Luftballoons Nena
70%
Tainted Love/Where Did Our Love Go Soft Cell
68%
Come On Eileen Dexy's Midnight Runners
67%
All Night Long (All Night) Lionel Richie
66%
Fast Car Tracy Chapman
64%
Rock Me Amadeus Falco
61%
Don't You Want Me The Human League
60%
Islands In The Stream Kenny Rogers & Dolly Parton
59%
Just Like Heaven The Cure
59%
Relax Frankie Goes To Hollywood
58%
Never Tear Us Apart INXS
57%
Bette Davis Eyes Kim Carnes
57%
Love Will Tear Us Apart Joy Division
56%
Ace Of Spades Motorhead
55%
Push It Salt-N-Pepa
54%
That's Entertainment The Jam
54%
There Is A Light That Never Goes Out The Smiths
53%
My Prerogative Bobby Brown
52%
Super Freak Rick James
52%
Just Can't Get Enough Depeche Mode
51%
I'm Coming Out Diana Ross
50%
When The World Is Running Down The Police
49%
You Make My Dreams Hall & Oates
47%
Who's Zoomin' Who Aretha Franklin
46%
Gypsy Fleetwood Mac
45%
True Spandau Ballet
45%
Our Lips Are Sealed The Go-Gos
44%
You Spin Me Round (Like A Record) Dead Or Alive
43%
Hangin' Tough New Kids On The Block
43%
It's Raining Men The Weather Girls
43%
In A Big Country Big Country
41%
Atlantic City Bruce Springsteen
40%
Electric Avenue Eddy Grant
40%
Too Shy Kajagoogoo
40%
What Have I Done To Deserve This? Pet Shop Boys & Dusty Springfield
40%
The Look Roxette
40%
Another One Rides The Bus Weird Al Yankovic
40%
Talk Dirty To Me Poison
39%
Wild In The Streets Bon Jovi
38%
Sitting Still R.E.M
37%
Bring The Noise Public Enemy
36%
The Spirit Of Radio Rush
36%
Bad (Live) U2
36%
The Message Grandmaster Flash & The Furious Five
34%
Undercover Of The Night The Rolling Stones
33%
Sucker MC's Run-D.M.C
32%
Tell It To My Heart Taylor Dayne
32%
I Want Candy Bow Wow Wow
31%
Spanish Bombs The Clash
31%
Smalltown Boy Bronski Beat
30%
Word Up Cameo
29%
This Must Be The Place Talking Heads
28%
Nightshift The Commodores
28%
Everybody Wants Some!! Van Halen
28%
Round And Round Ratt
27%
More Than This Roxy Music
27%
Private Idaho The B-52's
27%
Ghost Town The Specials
27%
A Little Respect Erasure
26%
Hallowed Be Thy Name Iron Maiden
25%
Hero Takes A Fall The Bangles
25%
I Melt With You Modern English
23%
Buffalo Stance Neneh Cherry
23%
Temptation New Order
23%
I Wanna Be Adored The Stone Roses
23%
B-Boy Bouillabaise Beastie Boys
21%
Nipple To The Bottle Grace Jones
21%
Debaser Pixies
21%
Shy Boy Bananarama
20%
Kiss Me Deadly Lita Ford
20%
Teen Age Riot Sonic Youth
19%
Bust A Move Young MC
18%
Space Age Love Song A Flock Of Seagulls
16%
Just A Friend Biz Markie
16%
Eye Know De La Soul
16%
Missing You John Waite
16%
Major Tom (Coming Home) Peter Schilling
16%
Being With You Smokey Robinson
16%
Be Near Me ABC
15%
Here Today Paul McCartney
15%
Talk Of The Town The Pretenders
15%
Groom's Still Waiting At The Altar Bob Dylan
14%
Never Too Much Luther Vandross
14%
Back To Life (However Do You Want Me) Soul II Soul
14%
Rock The Bells LL Cool J
13%
Love My Way Psychedelic Furs
13%
Just Like Honey The Jesus & Mary Chain
13%
Only In My Dreams Debbie Gibson
12%
Strut Sheena Easton
11%
Spellbound Siouxsie And The Banshees
11%
Situation Yaz
11%
Atomic Dog George Clinton
10%
Cool It Now New Edition
10%
Forever And Ever, Amen Randy Travis
10%
I Know What Boys Like The Waitresses
10%
New Lace Sleeves Elvis Costello
9%
Shake You Down Gregory Abbott
9%
Let The Music Play Shannon
9%
You Dropped A Bomb On Me The Gap Band
9%
Papillon (A.K.A Hot Butterfly) Chaka Khan
8%
Never Stop Echo And The Bunnymen
8%
I'm Not The Man I Used To Be Fine Young Cannibals
8%
Waiting Room Fugazi
8%
He Stopped Loving Her Today George Jones
8%
I Just Wanted To See You So Bad Lucinda Williams
8%
It Takes Two Rob Base & DJ E-Z Rock
8%
Point Of No Return Expose
7%
Tower Of Song Leonard Cohen
7%
This Corrosion Sisters Of Mercy
7%
Rise Above Black Flag
6%
I Know You Got Soul Eric B & Rakim
6%
Left Of The Dial The Replacements
6%
Planet Rock Afrika Bambaataa & Soulsonic Force
5%
Last Night A DJ Saved My Life Indeep
5%
New Sensations Lou Reed
5%
Children's Story Slick Rick
5%
Voodoo Ray A Guy Called Gerald
4%
Ain't No Half Steppin Big Daddy Kane
4%
Freak Scene Dinosaur Jr
4%
Me Myself I Joan Armatrading
4%
Straight Edge Minor Threat
4%
Never Say Never Romeo Void
4%
Seven Year Ache Rosanne Cash
4%
I Wanna Have Some Fun Samantha Fox
4%
The Word Girl (Flesh And Blood) Scritti Politti
4%
Twist And Crawl The English Beat
4%
New Big Prinz The Fall
4%
The Body Of An American The Pogues
4%
Words Missing Persons
3%
From Her To Eternity Nick Cave & The Bad Seeds
3%
Typical Girls The Slits
3%
Nasty Girl Vanity 6
3%
Youth Of Eglinton Black Uhuru
2%
Lookout Weekend Debbie Deb
2%
Strictly Business EPMD
2%
That's The Joint Funky Four Plus One
2%
Celebrated Summer Husker Du
2%
Good Life Inner City
2%
Ja Funmi King Sunny Ade
2%
Meeting In The Ladies Room Klymaxx
2%
That's When I Reach For My Revolver Mission Of Burma
2%
The Rain Oran 'Juice' Jones
2%
I Still Can't Get Over Lovin' You Ray Parker Jr
2%
Nemesis Shriekback
2%
People Who Died The Jim Carroll Band
2%
No One's Little Girl The Raincoats
2%
Ni Tu Ni Nadie Alaska Y Dinarama
1%
The Dominatrix Sleeps Tonight Dominatrix
1%
Yeah Right Girlschool
1%
Shiny Shiny Hayzi Fantayzee
1%
Wild And Blue John Anderson
1%
Road To The Riches Kool G Rap & DJ Polo
1%
Inglan Is A Bitch Linton Kwesi Johnson
1%
Cars With The Boom L'Trimm
1%
Ngicabange Ngaqeda Mahlathini & The Mahotella Queens
1%
I Walk Alone Mecca Normal
1%
Revenge Ministry
1%
Feed Me With Your Kiss My Bloody Valentine
1%
Don't Make Me Wait Peech Boys
1%
You Used To Hold Me Ralphi Rosario ft Xaveria Gold
1%
Strings Of Life Rhythim Is Rhythim
1%
Go On Girl Roxanne Shante
1%
That's Just Fine Spacemen 3
1%
Chant A Psalm Steel Pulse
1%
Set It Off Strafe
1%
That's The Way Love Is Ten City
1%
Anything Could Happen The Clean
1%
Open Hour The Dream Syndicate
1%
Tribe Vibes The Jungle Brothers
1%
This Ain't No Picnic The Minutemen
1%
Drop The Bomb Trouble Funk
1%
Stand And Deliver Adams & The Ants
0%
No matching quizzes found
Score Distribution
Percent of People with Each Score
Percentile by Number Answered
Your Score History
You have not taken this quiz